000 00632nam a22002177a 4500
003 UA-OsUOA
001 87201
007 ta
008 20120915b un ||||| |||| 00| 0 ukr d
090 _a82.09
_bВ11
942 _cBK
040 _aUA-OsUOA
_brus
_cUA-OsUOA
_dUA-OsUOA
245 _aВеликий русский писатель А. М. Горький
_cРед. Баратов Б.
300 _a61 с.
955 _a4
041 _arus
080 _a82.09
260 _aМ.
_bГоскультпросветиздат
_c1946
650 7 _a82 Література. Літературознавство
_2UDC
999 _c373490
_d373490